| 000 | 01101nam a22002895a 4500 | ||
|---|---|---|---|
| 001 | 16425663 | ||
| 005 | 20100820103518.0 | ||
| 008 | 100820s2011 mau 000 0 eng | ||
| 010 | _a 2010935393 | ||
| 020 | _a0123749646 | ||
| 020 | _a9780123749642 | ||
| 040 |
_aDLC _cDLC |
||
| 042 | _apcc | ||
| 082 |
_222 _a621.384 _bAHM |
||
| 100 | 1 |
_aAhmadi, Sassan. _923404 |
|
| 245 | 1 | 0 |
_aMobile Wimax : _bA Systems Approach to Understanding IEEE 802.16m Radio Access Technology / _cSassan Ahmadi. |
| 260 |
_aBoston, MA : _bAcademic Press/ Elsevier, 2011 _c2011. |
||
| 300 |
_axiv, 738 p. : _bill.; _c24 cm. |
||
| 650 |
_912950 _aWireless communication systems. |
||
| 650 |
_912951 _aMobile communication systems. |
||
| 650 |
_923337 _aBroadband communication systems. |
||
| 650 |
_923403 _aIEEE 802.16 (Standard) |
||
| 653 |
_bEle _cApril2011 |
||
| 942 |
_2ddc _cBB |
||
| 999 |
_c15196 _d15196 |
||